[Event "Dhaka Walton op"]
[Site "Dhaka"]
[Date "2024.01.01"]
[Round "3"]
[White "Subrota, Biswas"]
[Black "Shafiqul, Islam"]
[Result "1-0"]
[WhiteElo "2223"]
[BlackElo "1905"]
[PlyCount "105"]
[EventDate "2023.12.30"]
[EventType "swiss"]
[EventRounds "9"]
[EventCountry "BAN"]
[SourceTitle "CB02_2024"]
[SourceDate "2024.01.10"]
[SourceVersion "1"]
[SourceVersionDate "2024.01.10"]
[SourceQuality "1"]

1. e4 e5 2. Nf3 Nc6 3. Bb5 Nf6 4. d3 Bc5 5. c3 Qe7 6. 0-0 0-0 7. Ba4 d6 8. Re1 h6 9. Nbd2 Nd8 10. Nf1 Bb6 11. Ng3 Kh7 12. h3 g6 13. d4 c5 14. Be3 Nc6 15. a3 Rd8 16. Qd2 Ng8 17. b4 Bd7 18. Bb3 Be8 19. d5 Nb8 20. a4 a5 21. b5 Nd7 22. c4 Bc7 23. Nh2 Qh4 24. Nf3 Qe7 25. Kf1 Nb6 26. Qd3 Bd7 27. Nd2 Rf8 28. Kg1 f5 29. exf5 gxf5 30. f4 Qh4 31. Ne2 e4 32. Qc2 Nf6 33. Bf2 Qh5 34. Ng3 Qg6 35. Ndf1 Rg8 36. Ne3 Nh5 37. Nxh5 Qxh5 38. Kh2 Rg7 39. Qe2 Qf7 40. Bh4 Bd8 41. Bxd8 Rxd8 42. Rg1 Nc8 43. Bc2 Re8 44. g3 b6 45. Rg2 Ne7 46. Rag1 Ng8 47. Qf2 h5 48. Bd1 Nf6 49. g4 hxg4 50. hxg4 Rh8 51. Rh1 Kg8+ 52. Kg1 Rxh1+ 53. Kxh1 1-0